00733nam a2200193 a 450000500170000000800410001702000180005804000480007604100080012424501230013226000430025530000220029850400410032065000370036165000550039870000280045370000320048171000260051320210910103543.0120830s2019 ctu |||gr|||| 00| 0 eng d a9780300255225 aCO-BoUCMbspacDeissy GarciadDeissy Garcia aeng aA better planet b40 big ideas for a sustainable future ceditado por Daniel C. Esty, con prólogo de Ingrid C. Burke aNew HavenbYale University Pressc2019 axv, 395 páginas aIncluye referencias bibliográficas 7aProtección del medio ambiente  7aDesarrollo sosteniblexInnovaciones tecnológicas aEsty, Daniel C.eeditor aBurke, Ingrid C.eprólogo aYale University Press